<?xml version="1.0" encoding="UTF-8"?>
<record
    xmlns:xsi="http://www.w3.org/2001/XMLSchema-instance"
    xsi:schemaLocation="http://www.loc.gov/MARC21/slim http://www.loc.gov/standards/marcxml/schema/MARC21slim.xsd"
    xmlns="http://www.loc.gov/MARC21/slim">

  <leader>02838cam a2200469 i 4500</leader>
  <controlfield tag="001">22978963</controlfield>
  <controlfield tag="005">20250523065106.0</controlfield>
  <controlfield tag="008">230217t20212021enka          000 j eng d</controlfield>
  <datafield tag="010" ind1=" " ind2=" ">
    <subfield code="a">  2023286181</subfield>
  </datafield>
  <datafield tag="015" ind1=" " ind2=" ">
    <subfield code="a">GBC133285</subfield>
    <subfield code="2">bnb</subfield>
  </datafield>
  <datafield tag="016" ind1="7" ind2=" ">
    <subfield code="a">020120779</subfield>
    <subfield code="2">Uk</subfield>
  </datafield>
  <datafield tag="020" ind1=" " ind2=" ">
    <subfield code="a">9781529361506</subfield>
  </datafield>
  <datafield tag="035" ind1=" " ind2=" ">
    <subfield code="a">(OCoLC)on1260444536</subfield>
  </datafield>
  <datafield tag="040" ind1=" " ind2=" ">
    <subfield code="c">tbs</subfield>
  </datafield>
  <datafield tag="041" ind1="0" ind2=" ">
    <subfield code="a">eng</subfield>
    <subfield code="a">fre</subfield>
  </datafield>
  <datafield tag="042" ind1=" " ind2=" ">
    <subfield code="a">lccopycat</subfield>
  </datafield>
  <datafield tag="050" ind1="0" ind2="0">
    <subfield code="a">PC2115</subfield>
    <subfield code="b">.R454 2021</subfield>
  </datafield>
  <datafield tag="100" ind1=" " ind2=" ">
    <subfield code="a">Richards, Olly</subfield>
    <subfield code="e">author</subfield>
    <subfield code="9">12403</subfield>
  </datafield>
  <datafield tag="245" ind1="1" ind2="0">
    <subfield code="a">Short stories in French for intermediate learners</subfield>
    <subfield code="b">: read for pleasure at your level and learn French the fun way!</subfield>
    <subfield code="c">/ Olly Richards ; series editor, Rebecca Moeller ; development editor, Bruno Paul ; translated by Karine Harrington ; illustrations by Stephen Johnson.</subfield>
  </datafield>
  <datafield tag="260" ind1=" " ind2=" ">
    <subfield code="a">London :</subfield>
    <subfield code="b">John Murray Learning,</subfield>
    <subfield code="c">2021.</subfield>
  </datafield>
  <datafield tag="300" ind1=" " ind2=" ">
    <subfield code="a">xi, 246 pages :</subfield>
    <subfield code="b">illustrations ;</subfield>
    <subfield code="c">20 cm</subfield>
  </datafield>
  <datafield tag="490" ind1=" " ind2=" ">
    <subfield code="a">Teach yourself</subfield>
  </datafield>
  <datafield tag="490" ind1=" " ind2=" ">
    <subfield code="a">Foreign language graded reader series</subfield>
  </datafield>
  <datafield tag="505" ind1="0" ind2=" ">
    <subfield code="a">Introduction &#x2014; How to read effectively &#x2014; The six-step reading process &#x2014; Un r&#xE9;ve de feu &#x2014; La pers&#xE9;v&#xE9;rance finit par payer &#x2014; Une ville horrible &#x2014; Mon ami le super-ordinateur &#x2014; Mathieu Mallard et al recette secr&#xE8;te du soda &#x2014; La ville de Skull Tooth &#x2014; Petits copains et petites copines &#x2014; Le d&#xE9;fi des monstres.</subfield>
  </datafield>
  <datafield tag="505" ind1="0" ind2=" ">
    <subfield code="a">Mapped to B1-B2 on the Common European Framework of Reference &#x2014; A glossary for bolded words in each text &#x2014; A bilingual word list &#x2014; Full plot summary &#x2014; Comprehension questions after each chapter.</subfield>
  </datafield>
  <datafield tag="520" ind1=" " ind2=" ">
    <subfield code="a">An unmissable collection of eight unconventional and captivating short stories for young adult and adult intermediate learners of French. What does this book give you? Eight stories in a variety of exciting genres, from science fiction and crime to history and thriller - making reading fun, while you learn a wide range of new vocabulary Controlled language at your level, to help you progress confidently Realistic spoken dialogues, to help you learn conversational expressions and improve your speaking ability Accessible grammar so you learn new structures naturally, in a stress-free way.</subfield>
  </datafield>
  <datafield tag="546" ind1=" " ind2=" ">
    <subfield code="a">Text in French and English.</subfield>
  </datafield>
  <datafield tag="650" ind1=" " ind2="0">
    <subfield code="a">French language</subfield>
    <subfield code="x">Readers</subfield>
    <subfield code="9">12401</subfield>
  </datafield>
  <datafield tag="650" ind1=" " ind2="0">
    <subfield code="a">Readers (Adult)</subfield>
    <subfield code="9">25300</subfield>
  </datafield>
  <datafield tag="650" ind1=" " ind2="0">
    <subfield code="a">French language</subfield>
    <subfield code="x">Study and teaching</subfield>
    <subfield code="x">Foreign speakers</subfield>
    <subfield code="9">24325</subfield>
  </datafield>
  <datafield tag="650" ind1=" " ind2="0">
    <subfield code="a">French language</subfield>
    <subfield code="v">Self-instruction</subfield>
    <subfield code="9">25301</subfield>
  </datafield>
  <datafield tag="650" ind1=" " ind2="0">
    <subfield code="a">Short stories, French</subfield>
    <subfield code="9">25302</subfield>
  </datafield>
  <datafield tag="655" ind1=" " ind2="0">
    <subfield code="a">Readers (Adult)</subfield>
    <subfield code="9">22484</subfield>
  </datafield>
  <datafield tag="655" ind1=" " ind2="0">
    <subfield code="a">Short stories</subfield>
    <subfield code="9">22375</subfield>
  </datafield>
  <datafield tag="655" ind1=" " ind2="0">
    <subfield code="a">Instructional and educational works</subfield>
    <subfield code="9">23270</subfield>
  </datafield>
  <datafield tag="655" ind1=" " ind2="0">
    <subfield code="a">Self-instructional works</subfield>
    <subfield code="9">25331</subfield>
  </datafield>
  <datafield tag="700" ind1=" " ind2=" ">
    <subfield code="a">Moeller, Rebecca Klevberg</subfield>
    <subfield code="e">editor</subfield>
    <subfield code="9">25299</subfield>
  </datafield>
  <datafield tag="700" ind1=" " ind2=" ">
    <subfield code="a">Paul, Bruno</subfield>
    <subfield code="e">editor</subfield>
    <subfield code="9">25303</subfield>
  </datafield>
  <datafield tag="700" ind1=" " ind2=" ">
    <subfield code="a">Harrington, Karine</subfield>
    <subfield code="e">translator</subfield>
    <subfield code="9">25304</subfield>
  </datafield>
  <datafield tag="700" ind1=" " ind2=" ">
    <subfield code="a">Johnson, Steven</subfield>
    <subfield code="e">illustrator</subfield>
    <subfield code="9">8277</subfield>
  </datafield>
  <datafield tag="942" ind1=" " ind2=" ">
    <subfield code="2">lcc</subfield>
  </datafield>
  <datafield tag="952" ind1=" " ind2=" ">
    <subfield code="0">0</subfield>
    <subfield code="1">0</subfield>
    <subfield code="2">lcc</subfield>
    <subfield code="4">0</subfield>
    <subfield code="7">0</subfield>
    <subfield code="a">TBS</subfield>
    <subfield code="b">TBS</subfield>
    <subfield code="d">2025-05-22</subfield>
    <subfield code="l">0</subfield>
    <subfield code="o">READER-FR RIC</subfield>
    <subfield code="p">B05870</subfield>
    <subfield code="r">2025-05-22</subfield>
    <subfield code="t">1</subfield>
    <subfield code="w">2025-05-22</subfield>
    <subfield code="y">FRENCH</subfield>
  </datafield>
  <datafield tag="999" ind1=" " ind2=" ">
    <subfield code="c">4694</subfield>
    <subfield code="d">4694</subfield>
  </datafield>
</record>
